000 00335nam a2200109Ia 4500
008 171211s9999 xx 000 0 und d
245 4 _aThe Powerful Ephemeral: Everyday Healing in an Ambiguously Islamic Place
245 _cCarla Bellamy
260 _c2011
650 _xReligion
856 _uhttp://down.ebook777.com/063/0520262808.pdf
999 _c350484
_d350484